000
00310nam a22001217a 4500
999
_c
17337
_d
17337
008
181023b xxu||||| |||| 00| 0 eng d
050
_a
LB1027
_b
.A43 2012 c.1
100
_a
Aman, Amit Kumar
245
_a
Classroom Dynamics
260
_a
New Delhi
_b
A P H Publishing
_c
2012
300
_a
83p.
942
_2
lcc
_c
BK